Các yếu tố ảnh hưởng đến ý định gởi tiền tiết kiệm của khách hàng cá nhân tại Ngân hàng Thương mại cổ phần Đầu tư và Phát triển Việt Nam chi nhánh Trà Vinh Luận văn thạc sĩ. Chuyên ngành: Tài chính - Ngân hàng. Mã ngành: 8340201

Gespeichert in:
Bibliographische Detailangaben
1. Verfasser: Đặng, Thị Minh Thy
Körperschaften: Ủy ban Nhân dân tỉnh Trà Vinh, Trường Đại học Trà Vinh
Weitere Verfasser: Đặng Thị Minh Thy; Huỳnh Quang Linh
Sprache:Undetermined
Veröffentlicht: Trà Vinh Trường Đại học Trà Vinh 2019
Schlagworte:
Tags: Tag hinzufügen
Keine Tags, Fügen Sie den ersten Tag hinzu!
Thư viện lưu trữ: Trung tâm Học liệu Trường Đại học Trà Vinh
LEADER 01218nam a2200289Ia 4500
001 TVU_32041
008 210423s9999 xx 000 0 und d
041 |a Vie 
082 |a 332.1752 
082 |b Th600 
100 |a Đặng, Thị Minh Thy 
245 0 |a Các yếu tố ảnh hưởng đến ý định gởi tiền tiết kiệm của khách hàng cá nhân tại Ngân hàng Thương mại cổ phần Đầu tư và Phát triển Việt Nam chi nhánh Trà Vinh 
245 0 |b Luận văn thạc sĩ. Chuyên ngành: Tài chính - Ngân hàng. Mã ngành: 8340201 
245 0 |c Đặng Thị Minh Thy ; Huỳnh Quang Linh (hướng dẫn khoa học) 
260 |a Trà Vinh 
260 |b Trường Đại học Trà Vinh 
260 |c 2019 
300 |a ix, 72, 24 tr. 
300 |b minh họa 
300 |c 30 cm 
504 |a Thư mục: tr. 71-72 
650 |a Ngân hàng và nghiệp vụ ngân hàng; Tiền gửi ngân hàng; Deposit banking 
700 |a Đặng Thị Minh Thy; Huỳnh Quang Linh  
700 |e hướng dẫn khoa học 
710 |a Ủy ban Nhân dân tỉnh Trà Vinh 
710 |b Trường Đại học Trà Vinh 
980 |a Trung tâm Học liệu Trường Đại học Trà Vinh